Szczegóły MARC21

Ausgewählte Märchen /

003 -Nazwa inst., której nr kontr. jest w polu 001 [,]
    • @
    • Nazwa instytucji, której n kontrolny jest w polu 001
    • NUKAT
005 -DATA I CZAS OSTATNIEJ MODYFIKACJI [,]
    • @
    • pole kontrolne
    • 20241231085723.0
020 -Międzynarod. znormalizowany nr książki - ISBN [ , ]
    • a
    • Numer ISBN
    • 8871002148 Find
040 -Instytucja sporządzająca opis [ , ]
    • a
    • Instytucja, która sporządziła opis (NP)
    • NUKAT
    • b
    • Język katalogowania
    • pol
    • e
    • Zasady katalogowania
    • rda
    • c
    • Instytucja, która sporządziła rekord (NP)
    • WR U/jd
    • d
    • Instytucja, która zmodyfikowała rekord (P)
    • SZCZ U/MLs
    • d
    • Instytucja, która zmodyfikowała rekord (P)
    • SZCZ U/JS
942 -Rodzaj dokumentu [ , ]
    • c
    • Rodzaj dokumentu
    • Książka
100 -Hasło główne - nazwa osobowa [1, ]
    • a
    • Nazwa osobowa (NP)
    • Grimm, Jacob
    • d
    • Daty biograficzne (NP)
    • (1785-1863).
    • e
    • Rodzaj współpracy
    • Autor
    • 9
    • KHW
    • 25923
245 -Strefa tytułu i oznaczenia odpowiedzialności [1,0]
    • a
    • Tytuł
    • Ausgewählte Märchen / Find
    • c
    • Pozostałe elementy strefy tytułu i oznaczenia odpowiedzialności (NP)
    • Jakob und Wilhelm Grimm ; [Worterklärungen Ruth Margot Beitat ; linguistische Beratung Ursula Pfander].
260 -Strefa adresu wydawniczego [ , ]
    • a
    • Miejsce wydania (P)
    • Mailand :
    • b
    • Nazwa wydawcy (P)
    • La Spiga Languages,
    • c
    • Data wydania (P)
    • © 1999.
300 -Strefa opisu fizycznego [ , ]
    • a
    • Określenie formy książki i/lub objętość (NP)
    • 80 stron ;
    • c
    • Format (NP)
    • 19 cm.
336 -Typ zawartości [ , ]
    • a
    • Termin opisujący typ zawartości
    • Tekst
    • b
    • Kod określający zawartość
    • txt
    • 2
    • Źródło (terminu i kodu)
    • rdacontent
337 -Typ mediów [ , ]
    • a
    • Tryb odtwarzania
    • Bez urządzenia pośredniczącego
    • b
    • Kod typu mediów
    • n
    • 2
    • Źródło (terminu i kodu)
    • rdamedia
338 -Typ/rodzaj nośnika [ , ]
    • a
    • Hasło opisujące typ nośnika
    • Wolumin
    • b
    • Kod typu nośnika
    • nc
    • 2
    • Źródło (terminu i kodu)
    • rdacarrier
490 -Strefa serii i książki wielotomowej - forma nie do wyszukiwania [1, ]
    • a
    • Tytuł (P)
    • Vereinfachte Lesestücke - Aktiv-Bücher Find
830 -Hasło dodatkowe serii i opisu książki wielotomowej - tytuł ujednolicony/tytuł [ ,0]
    • a
    • Tytuł ujednolicony/tytuł (NP)
    • Vereinfachte Lesestücke, Aktiv-Bücher
    • 9
    • KHW
    • 484074
500 -Uwaga ogólna [ , ]
    • a
    • Uwaga ogólna (NP)
    • Na okładce: 1 Deutsch Institut. Verbessere dein Deutsch.
655 -Hasło w funkcji tematu formalnego [ ,7]
    • a
    • Hasło
    • Baśnie niemieckie
    • y
    • Określnik chronologiczny
    • 19 w.
    • v
    • Określnik formy
    • adaptacje.
    • 2
    • Źródło terminu
    • kaba
    • 9
    • KHW
    • 498134
700 -Hasło dodatkowe - nazwa osobowa [1, ]
    • a
    • Nazwa osobowa (NP)
    • Grimm, Wilhelm Find
    • d
    • Daty biograficzne (NP)
    • (1786-1859).
    • e
    • Określenie rodzaju współpracy
    • Autor
    • 9
    • KHW
    • 25924
700 -Hasło dodatkowe - nazwa osobowa [1, ]
    • a
    • Nazwa osobowa (NP)
    • Beitat, Ruth Margot. Find
    • e
    • Określenie rodzaju współpracy
    • Redakcja
    • 9
    • KHW
    • 484072
700 -Hasło dodatkowe - nazwa osobowa [1, ]
    • a
    • Nazwa osobowa (NP)
    • Pfander, Ursula. Find
    • e
    • Określenie rodzaju współpracy
    • Redakcja
    • 9
    • KHW
    • 484073
710 -Hasło dodatkowe - nazwa ciała zbiorowego [2, ]
    • a
    • Nazwa ciała zbiorowego lub nazwa geograficzna jako pierwszy element (NP)
    • La Spiga-Modern Languages.
    • e
    • Rodzaj współpracy
    • Wydawca
    • 4
    • Kod relacji
    • pbl
    • 9
    • KHW
    • 422794
920 -ISBN [ , ]
    • a
    • ISBN
    • 88-7100-214-8 Find
Numer inwentarzowy Status udost. Lokalizacja Data inwentaryzacji Sygnatura
BC.12428-3BM2019-03-14Germ. Literatura dla dzieci 34